Efekty a pôsobenie priamych zahraničných investícií

Ciele transformácie slovenskej ekonomiky. Činitele, ktoré determinujú úroveň transformačného procesu na podnikovej úrovni. Zahraničné investície v slovenskej ekonomike. Vplyv zahraničných investícií na hosťujúce krajiny.

Gespeichert in:
Bibliographische Detailangaben
1. Verfasser: Bobáková, Viktória
Format: Buchkapitel
Sprache:Slowakisch
Schlagworte:
Tags: Tag hinzufügen
Keine Tags, Fügen Sie das erste Tag hinzu!

MARC

LEADER 00000naa$a2200000$$$4500
001 0085781
005 20240502071956.5
041 0 |a slo 
044 |a SK 
245 1 0 |a Efekty a pôsobenie priamych zahraničných investícií  |c Viktória Bobáková 
520 |a Ciele transformácie slovenskej ekonomiky. Činitele, ktoré determinujú úroveň transformačného procesu na podnikovej úrovni. Zahraničné investície v slovenskej ekonomike. Vplyv zahraničných investícií na hosťujúce krajiny. 
610 2 0 |a investície priame zahraničné 
610 2 0 |a Slovensko 
610 2 0 |a reformy hospodárske 
610 2 0 |a transformácia 
610 2 0 |a investori 
610 2 0 |a efektívnosť ekonomická 
100 1 |a Bobáková, Viktória